000 01223nam a2200289Ia 4500
001 ebr10082099
003 CaPaEBR
006 m u
007 cr cn|||||||||
008 050119s2005 maua sb 001 0 eng d
020 _z1592009123
040 _aCaPaEBR
_cCaPaEBR
035 _a(OCoLC)559839673
050 1 4 _aQA76.64
_b.P64 2005eb
082 0 4 _a005.1/17
_222
100 1 _aPodeswa, Howard.
245 1 0 _aUML for the IT business analyst
_h[electronic resource] :
_ba practical guide to object-oriented requirements gathering /
_cHoward Podeswa.
260 _aBoston, Mass. :
_bThomson Course Technology PTR,
_cc2005.
300 _axxii, 378 p. :
_bill.
504 _aIncludes bibliographical references and index.
533 _aElectronic reproduction.
_bPalo Alto, Calif. :
_cebrary,
_d2009.
_nAvailable via World Wide Web.
_nAccess may be limited to ebrary affiliated libraries.
650 0 _aObject-oriented methods (Computer science)
650 0 _aObject-oriented programming (Computer science)
655 7 _aElectronic books.
_2local
710 2 _aebrary, Inc.
856 4 0 _uhttp://site.ebrary.com/lib/rucke/Doc?id=10082099
_zAn electronic book accessible through the World Wide Web; click to view
999 _c157254
_d157253